Certamen literario de la Virgen de la Merced : discurso del mantenedor, Marqués de Castell-Florite discurso del mantenedor, Marqués de Castell-Florite
Colección:
San Jorge,
; núm. 8 (octubre 1952), pàg. 19-28
Idioma:
Español
MARC
| LEADER | 00000naa a2200000 a 4500 | ||
|---|---|---|---|
| 003 | Arxiu | ||
| 005 | 20260324181043.0 | ||
| 008 | 160829s1952 spcaxx s spa c | ||
| 040 | |a agdb | ||
| 245 | 0 | 0 | |a Certamen literario de la Virgen de la Merced : |b discurso del mantenedor, Marqués de Castell-Florite |
| 490 | |a San Jorge, |v núm. 8 (octubre 1952), pàg. 19-28 | ||
| 650 | 0 | |a Certàmens literaris |9 33620 |z Barcelona (Província) | |
| 710 | 1 | |9 54218 |a Barcelona (Catalunya : Província). |b President (1949-1967 : Buxó de Abaigar) | |
| 773 | |g núm. 8 (octubre 1952), pàg. 19-28 |t San Jorge. | ||
| 901 | |a Arxiu | ||
| 942 | |n 1 |2 udc |c ART | ||
| 952 | |0 0 |1 0 |4 0 |7 1 |9 64262 |a Arxiu |b Arxiu |d 2022-11-21 |o Rev-508 |r 2022-11-21 00:00:00 |w 2022-11-21 |y ARXIU |z També disponible a Rev-521 | ||
| 999 | |c 49916 |d 49916 | ||